000 00587nam a2200193Ia 4500
005 20250508152134.0
008 008 250505s9999 xx 000 0 eng d
037 _aTextBook
040 _aFEDL
_beng
_cFEDL
041 _aeng
_2eng
084 _a155.45, UDA
_qFEDL
100 _aShanker Uday
_9685613
245 0 _aProblem children : Based on case studies of Indian children
260 _aDelhi, India
_bAatma Ram and Sons
_c1958
300 _a223p
650 _aExceptional children; Child Psychology
_9760846
942 _cTB
_h155.45, UDA
999 _c1334514
_d1334514